1477 1604 1372 1689 1086 1284 1405 1693 1430 1327 1552 1194 1007 1017 1440 1512 1493 1423 1350 1510 1390 1953 1691 1003 1317 1345 1817 1277 1869 1295 1143 1227 1923 1502 1761 1710 1807 1947 1308 1618 1280 1495 1501 1922 1068 1680 1023 1849 1557 1218 1363 1468 1590 1667 1364 1524 1247 1742 1793 1119 1881 1072 1707 1850 1272 1581 1997 1806 1464 1485 1758 1474 1028 1755 1880 1682 1673 1664 1676 1643 1583 1584 1272 1166 1863 1565 1661 1626 1255 1511 1253 1895 1948 1306 1072 1572 1172 1234 1546 BCNSPRNW ULIB Ver.6.0+V

เปลี่ยนเป็นภาษาไทย

Change to English
 แสดงรายละเอียดบรรณานุกรม
  กลับหน้าหลัก

Brief Record : Get Marc (ISO 2709) : E-mail record : QR code < ปิดหน้าต่าง
LEADER : 00000nam 2200000uu 4500
001    13399109593
003     ULIB
008    110324s2552||||th 000 0 tha d
060 04 WB340^bส691ค 2552
110 1  กระทรวงสาธารณสุข^bสำนักงานหลักประกันสุขภาพแห่งชาติ
245 10 คู่มือการเพิ่มความปลอดภัยในการใช้ยาและเลือด/^cสำนักงานหลักประกันสุขภาพแห่งชาติ
260    นนทบุรี :^bสำนักงานหลักประกันสุขภาพแห่งชาติ,^c2552
300    34 หน้า:^bภาพประกอบสี
650  7 การใช้ยา
650  7 การใช้เลือด
650  7 ความปลอดภัย
945    ^p0^l0^i026618
995    ทศพร
999 ^a ใช้งานได้ทุกระบบ
รายการนี้ยังไม่มีแท็ก
คุณยังไม่ได้ล็อกอิน คุณสามารถมีกิจกรรมร่วมกับเว็บไซต์ได้ แต่ต้องล็อกอินก่อน ::
  ล็อกอิน

รายการสื่อสารสนเทศ

ลำดับที่ ประเภท เลขเรียก/บาร์โค้ด สถานที่ สถานะ
- ไม่พบข้อมูล -

รายการใกล้เคียง
    หัวเรื่อง [การใช้ยา]
    หัวเรื่อง [ความปลอดภัย]

BibComment


ยังไม่เคยถูกคอมเมนท์

คอมเมนท์ทรัพยากรรายการนี้
  คอมเมนท์: คู่มือการเพิ่มควา..


 Copyright 2026. Bcnsprnw @Library